Natural rubber cultivation in Bangladesh: Prospects, problems and solutions (Record no. 75700)

MARC details
000 -LEADER
fixed length control field 00599nam a22001337a 4500
100 ## - MAIN ENTRY--AUTHOR NAME
Personal name Rahman, M.M.
245 ## - TITLE STATEMENT
Title Natural rubber cultivation in Bangladesh: Prospects, problems and solutions
260 ## - PUBLICATION, DISTRIBUTION, ETC. (IMPRINT)
Name of publisher Natural Rubber Industry: An Asset for Socio-economic development and preservation of the Environment: Proceedings of the International Rubber Conference, IRC 2018, 22-23 October 2018, International Rubber Research and Development Board, Abidjan, Cote D' Ivoire, pp.174-181.
650 ## - SUBJECT ADDED ENTRY--TOPICAL TERM
Topical Term Natural rubber
650 ## - SUBJECT ADDED ENTRY--TOPICAL TERM
Topical Term Bangladesh
700 ## - ADDED ENTRY--PERSONAL NAME
Personal name Parvin, W.
942 ## - ADDED ENTRY ELEMENTS (KOHA)
Koha item type Articles
Holdings
Withdrawn status Lost status Damaged status Not for loan Home library Current library Date acquired Koha item type
        RRII Library RRII Library 28/10/2025 Articles